Global co-operation in the new millennium : proceedings : the 9th European Conference on Information Systems, Bled, Slovenia, June 27-29, 2001
Αποθηκεύτηκε σε:
| Συγγραφή απο Οργανισμό/Αρχή: | |
|---|---|
| Άλλοι συγγραφείς: | |
| Μορφή: | Πρακτικό Συνεδρίου Βιβλίο |
| Γλώσσα: | English |
| Δημοσίευση: |
Kranj, Slovenia :
Moderna organizacija,
2001
|
| Θέματα: | |
| Ετικέτες: |
Προσθήκη ετικέτας
Δεν υπάρχουν, Καταχωρήστε ετικέτα πρώτοι!
|
MARC
| LEADER | 00000cam a2200000 i 4500 | ||
|---|---|---|---|
| 001 | 1/28374 | ||
| 008 | 130412s2001 eng d | ||
| 020 | |a 961-232-121-3 | ||
| 035 | |l 10114184 | ||
| 040 | |a GR-MY-UA |b gre |e aacr | ||
| 041 | 0 | |a eng | |
| 082 | 0 | |a 658.4038 |2 (22) | |
| 111 | 0 | |a European Conference on Information Systems |n (9th: |d 2001: |c Bled, Slovenia) | |
| 245 | 1 | 0 | |a Global co-operation in the new millennium : |b proceedings : the 9th European Conference on Information Systems, Bled, Slovenia, June 27-29, 2001 / |c editors: Steve Smithson... [κ.ά.] |
| 260 | |a Kranj, Slovenia : |b Moderna organizacija, |c 2001 | ||
| 300 | |a 2τ.; |c 28 εκ. | ||
| 504 | |a Περιλαμβάνει βιβλιογραφίες | ||
| 650 | 0 | 0 | |a Information resources management |x Congresses. |
| 650 | 0 | 0 | |a Information technology |x Congresses. |
| 650 | 0 | 0 | |a Management information systems |x Congresses. |
| 700 | 1 | |a Smithson, Steve, |d 1949- |4 edt | |
| 852 | |a INST |b SYROS |e 20130412 |h 658.4038 EUR |p 005500010648 |q 005500010648 |t BK |y 0 |z τ.2 | ||
| 852 | |a INST |b SYROS |e 20130412 |h 658.4038 EUR |p 005500010649 |q 005500010649 |t BK |y 0 |z τ.1 | ||
| 852 | |a INST |b SYROS |e 20130412 |h 658.4038 EUR |p 005500010648 |q 005500010648 |t BK |v τ.2: |y 0 |z τ.2 | ||
| 852 | |a INST |b SYROS |e 20130412 |h 658.4038 EUR |p 005500010649 |q 005500010649 |t BK |v τ.1: |y 0 |z τ.1 | ||
| 853 | |a INST |b SYROS |h 658.4038 EUR | ||
| 901 | |a BIBL5-2013-1 | ||
| 909 | |a Ε |b 103916 | ||
| 909 | |a Ε |b 103917 | ||
| 970 | |a ΚΟΝΤΟΥ |b ΠΑΡΑΣΚΕΥΗ |z 2013/04/12 | ||